• 首页
  • 本馆介绍
  • 公告通知
  • 最新文献
  • 馆藏检索
  • 电子资源
  • 读者导购
  • 参考咨询
  • 我的图书馆
  • 登录
  • 详细信息显示
  • 放入我的书架
  • 预约/预借图书
  • 作者相关作品
  • 分类相关作品
  • 丛书相关作品
  • 出版社相关作品

书目信息

  • 表格格式
  • 工作单格式
  • 卡片格式
书名: Keys to effective learning
作者: Carol Carter, Joyce Bishop, Sarah Lyman Kravits ; editorial consultant, Richard D. Bucher.
分册号:
分册名:
出版地: Upper Saddle River, N.J. :
 
出版社: Prentice Hall
出版时间: c2002.
页数: xxvi, 438 p. :
开本: 28 cm.
丛书名:
中图分类号:
科图分类号:
其他分类号: G79
主题词:
电子资源:
000 01031nam 22000337i 450
001 0207003813
005 20070314105329.50
008 010627m2002 u y a b 001 0
020    @a0130618772.
020    @a9780130618771.
041    @aeng
050    @aLB2395@b.C27 2002
082 04 @a378.1/0281@221
090    @aG791
090    @aG79
099    @dG79@ex2=3
100 1  @aCarter@cCarol.
245 10 @aKeys to effective learning / @cCarol Carter, Joyce Bishop, Sarah Lyman Kravits ; editorial consultant, Richard D. Bucher.
250    @a3rd ed.
260 1  @aUpper Saddle River, N.J. :@bPrentice Hall,@cc2002.
300    @axxvi, 438 p. :@bcol. ill. ;@c28 cm.
504    @aIncludes bibliographical references and index.
650  4 @aTest-taking skills.
650  4 @aCognitive styles.
650  4 @aLearning.
650  4 @aNote-taking.
650  4 @aStudy skills.
700 1  @aBishop@cJoyce
700 1  @aBucher@cRichard D.,@d1949-
700 1  @c(Joyce L.),@d1950-
700 1  @aKravits@cSarah Lyman.
    
    Keys to effective learning / / Carol Carter, Joyce Bishop, Sarah Lyman Kravits ; editorial consultant, Richard D. Bucher.-3rd ed.-Upper Saddle River, N.J. : : Prentice Hall, , c2002.
    xxvi, 438 p. : : col. ill. ; ; 28 cm.
    Includes bibliographical references and index.
    
    ISBN 0130618772.
    
●
相关链接 在E读中查询图书 在五车中查询图书 在当当中查询图书 在豆瓣中查询图书


正题名:Keys to effective learning     索取号:G79/x2=3         预约/预借

序号 登录号 条形码 馆藏地/架位号 状态 备注
1 0001763   300017639   第二样本阅览室/ [索取号:G79/x2=3] 在馆    
2 0001764   300017648   第四借阅区/ [索取号:G79/x2=3] 在馆    
唐山师范学院图书馆 欢迎您!
大连网信软件有限公司© 版权所有